Poesía chilena desclasificada : (1973-1990) : v.1 /

Una época, un género literario, un grupo numeroso de poetas: éstas son ls coordenadas que sitúan y los elementos que componen la presente antología. Hecha con gran cuidado por Gonzalo Contreras, poeta él mismo, preparada por bastante tiempo con rara erudición, conun conocimiento de primera mano de l...

Descripción completa

Detalles Bibliográficos
Otros Autores: Contreras, Gonzalo 1958- (comp.), Concha, Jaime 1939- (prol.)
Formato: Libro
Lenguaje:español
Publicado: Santiago, Chile Etnika 2006
Edición:1a. ed.
Colección:Poéticas de Chile
Materias:
Acceso en línea:

MARC

LEADER 00000cam a2200000 a 4500
001 028070
003 UAHC_CL
005 20170803122905.0
008 080529s2006 cl 000 spa
020 |a 9562995453 
040 |a UAHC_CL  |c UAHC_CL  |d UAHC_CL 
082 0 4 |a Ch861  |b P745  |2 21 
245 1 0 |a Poesía chilena desclasificada :  |b (1973-1990) : v.1 /  |c selección Gonzalo Contreras ; prólogo Jaime Concha. 
250 |a 1a. ed. 
260 |b Etnika  |a Santiago, Chile  |c 2006 
300 |a 569 p. 
490 0 |a Poéticas de Chile 
520 |a Una época, un género literario, un grupo numeroso de poetas: éstas son ls coordenadas que sitúan y los elementos que componen la presente antología. Hecha con gran cuidado por Gonzalo Contreras, poeta él mismo, preparada por bastante tiempo con rara erudición, conun conocimiento de primera mano de libros y plaquettes a veces francamente inasequibles, esta selección tiene la ventaja adicional de ser una de las más completas que sobre el periodo se han publicado. 
521 |a Introducción a la literatura 
650 4 |a POESIAS CHILENAS 
653 |a PEDAGOGIA EN LENGUA CASTELLANA Y COMUNICACION 
658 |a Ojeda, Sergio 
700 1 |a Contreras, Gonzalo  |d 1958-  |e comp. 
700 1 |a Concha, Jaime  |d 1939-  |e prol. 
900 |a Ch861 POES 
942 |c BK 
952 |0 0  |1 0  |4 0  |6 CH_861_000000000000000_POES  |7 0  |8 General  |9 55678  |a BC  |b BC  |c General  |d 2017-08-03  |o Ch861 POES  |p 1363392  |r 2025-11-26 00:00:00  |t 1  |w 2017-08-03  |y BK 
952 |0 0  |1 0  |4 0  |6 CH_861_000000000000000_POES  |7 0  |8 General  |9 55679  |a BC  |b BC  |c General  |d 2017-08-03  |o Ch861 POES  |p 1363393  |r 2025-11-26 00:00:00  |t 2  |w 2017-08-03  |y BK 
999 |c 28070  |d 28070